|
|
|
|
| LEADER |
01354nam a22003012aa4500 |
| 001 |
001886360 |
| 003 |
CZ BrMZK |
| 005 |
20240219122434.0 |
| 007 |
ta |
| 008 |
240219s1842 xr er|||||||||||cze d |
| 040 |
|
|
|a ABA001
|b cze
|c ABA001
|d ABA001
|d BOA001
|
| 041 |
1 |
|
|a cze
|h rus
|
| 072 |
|
7 |
|a 821.161.1
|x Ruská literatura
|2 Konspekt
|9 25
|
| 080 |
|
|
|a 821.161.1-32
|2 MRF
|
| 100 |
1 |
|
|a Bulgarin, Faddej Venediktovič,
|d 1789-1859
|7 jo2002154011
|4 aut
|
| 245 |
1 |
0 |
|a Iwan Wyžihin :
|b powjdka zábawná a poučná.
|n částka I-IV /
|c od Tadeásse Bulharina ; z ruského w český gazyk přeložil Josef Bačkora
|
| 260 |
|
|
|a Praha :
|b Václ. Špinka,
|c 1842
|
| 300 |
|
|
|a 2 sv. ;
|c 8°
|
| 505 |
0 |
|
|a [I.], Částka I. 152 s. -- Částka II. 148 s. -- [II.], Částka III. 140 s. -- Částka IV. 177 s.
|
| 655 |
|
7 |
|a ruské povídky
|7 fd133318
|2 czenas
|
| 700 |
1 |
|
|a Bačkora, Josef Množislav,
|d 1803-1876
|7 jk01010525
|4 trl
|
| 856 |
4 |
1 |
|u http://www.digitalniknihovna.cz/mzk/uuid/uuid:33a94470-cf1b-11dc-aec4-000d606f5dc6
|y Digitalizovaný dokument
|x NDK
|
| 910 |
|
|
|a BOA001
|b 1-0197.607
|s 1-2
|
| 990 |
|
|
|a BK
|
| 993 |
|
|
|a Y
|
| 991 |
|
|
|b 202402
|
| 996 |
6 |
|
|b BC-2484229
|c 1-0197.607
|d [I.]
|v 1
|l MZK
|r Sklad / do 1 hodiny
|n 0
|w 001954385
|u 000010
|a 1
|e BOA001
|j MZK50
|s P
|
| 996 |
6 |
|
|b BC-2484230
|c 1-0197.607
|d [II.]
|v 2
|l MZK
|r Sklad / do 1 hodiny
|n 0
|w 001954385
|u 000020
|a 1
|e BOA001
|j MZK50
|s P
|